00700nam a2200193 a 450000100100000000500170001000800410002702000150006804000250008308200140010824500840012226000460020630000230025249000280027570000390030383000350034295201120037799900170048900002049920200930011123.0100322s2004 cu 000 0 spa d a9592588147 aDO-SdBNPbspacBNPHU axxxxbxxx00aBúsqueda y recuperación de la información : /ccompiladora Natalia Sokol. aLa Habana, Cuba :bFéliz Varela,c2004. a166 p. : ;c24 cm.0 aSelección de lecturas1 aSokol, Nataliaecompiladora943202 0aSelección de lecturas943201 001050718MOaGRbGRcCTd2017-10-03iLF1l0oxxxx xxxp20499-20r2020-06-25w2020-06-25y1ZNo se presta c20003d20003